Pensée moderne et philosophie chrétienne
I tiakina i:
| Kaituhi matua: | |
|---|---|
| Hōputu: | Pukapuka |
| Reo: | Wīwī |
| I whakaputaina: |
París
Arthème Fayard
1957
|
| Rangatū: | Je Sais - Je Crois. Encyclopédie du catholique au XX ème siècle
|
| Ngā marau: | |
| Ngā Tūtohu: |
Tāpirihia he Tūtohu
Kāore He Tūtohu, Me noho koe te mea tuatahi ki te tūtohu i tēnei pūkete!
|
MARC
| LEADER | 00000nam a2200000 a 4500 | ||
|---|---|---|---|
| 001 | UCZ5230 | ||
| 003 | CL-VaPUC | ||
| 008 | 951117e19570000FR |||||||||||||||||fre|d | ||
| 082 | 0 | 4 | |a 190 |b VAU |2 21 |
| 100 | 0 | |a Vaucourt, Raymond |e author |9 349191 | |
| 245 | 1 | 0 | |a Pensée moderne et philosophie chrétienne |
| 300 | |a v | ||
| 942 | |c BK | ||
| 945 | |d 19951117 00:00:00 |a cmena | ||
| 260 | |a París |b Arthème Fayard |c 1957 | ||
| 650 | 0 | |a Filosofía contemporánea |9 265372 | |
| 650 | 0 | |a Filosofía cristiana |9 265980 | |
| 650 | 0 | |a Escuelas filosóficas |9 266232 | |
| 650 | 0 | |a Filosofía de las ciencias |9 256466 | |
| 650 | 0 | |a Teoría del conocimiento |9 255038 | |
| 650 | 0 | |a Religión |9 255164 | |
| 583 | |a last modification |c 19951117 00:00:00 |k Rodrigo Vera | ||
| 490 | 0 | |a Je Sais - Je Crois. Encyclopédie du catholique au XX ème siècle | |
| 999 | |c 241550 |d 241548 | ||
| 952 | |0 0 |1 0 |4 0 |6 190_000000000000000_VAU_1957 |7 0 |8 P |9 253900 |a BIBEDU |b BIBEDU |c BIBEDU_PB |d 2019-11-19 |h v.1 |i 1573039 |o 190 VAU 1957 |p 1573039 |r 2024-01-25 |w 2019-11-19 |y BK |k FIL | ||